Online
Catalog

Juan Pablo Viscardo y Guzmán / (Record no. 14194)

MARC details
000 -CABECERA
campo de control de longitud fija 00871nam a2200229 a 4500
001 - NÚMERO DE CONTROL
campo de control 000014609
005 - FECHA Y HORA DE LA ÚLTIMA TRANSACCIÓN
campo de control 20200929163856.0
008 - DATOS DE LONGITUD FIJA--INFORMACIÓN GENERAL
campo de control de longitud fija 100115s1994 pe 000 0bspa d
020 ## - NÚMERO INTERNACIONAL ESTÁNDAR DEL LIBRO
Número Internacional Estándar del Libro 8483896044
040 ## - FUENTE DE LA CATALOGACIÓN
Centro catalogador/agencia de origen DO-SdBNP
Lengua de catalogación spa
Centro/agencia transcriptor BNPHU
082 ## - NÚMERO DE LA CLASIFICACIÓN DECIMAL DEWEY
Número de clasificación 923.5
Número de documento/Ítem V822D
049 ## - FONDOS LOCALES (OCLC)
Fondos de biblioteca BNGR
100 1# - ENTRADA PRINCIPAL--NOMBRE DE PERSONA
Nombre de persona Deustua Pimentel, Carlos,
Fechas asociadas al nombre 1929-1999
9 (RLIN) 33082
245 10 - MENCIÓN DE TÍTULO
Título Juan Pablo Viscardo y Guzmán /
Mención de responsabilidad, etc. Carlos Deustua Pimentel.
260 ## - PUBLICACIÓN, DISTRIBUCIÓN, ETC.
Lugar de publicación, distribución, etc. Lima, Perú :
Nombre del editor, distribuidor, etc. Brasa,
Fecha de publicación, distribución, etc. 1994.
300 ## - DESCRIPCIÓN FÍSICA
Extensión 123, [4] p. ;
Dimensiones 21 cm.
490 1# - MENCIÓN DE SERIE
Mención de serie Forjadores del perú
Designación de volumen o secuencia 4
600 14 - PUNTO DE ACCESO ADICIONAL DE MATERIA--NOMBRE DE PERSONA
Nombre de persona VISCARDO Y GUZMÁN, JUAN PABLO,
Fechas asociadas al nombre 1748-1798
Subdivisión general BIOGRAFÍAS
9 (RLIN) 33083
600 14 - PUNTO DE ACCESO ADICIONAL DE MATERIA--NOMBRE DE PERSONA
Nombre de persona VIZCARDO Y GUZMÁN, JUAN PABLO,
Fechas asociadas al nombre 1748-1798
Subdivisión general CORRESPONDENCIA, MEMORIAS, ETC.
9 (RLIN) 33084
650 #4 - PUNTO DE ACCESO ADICIONAL DE MATERIA--TÉRMINO DE MATERIA
Término de materia o nombre geográfico como elemento de entrada América latina
Subdivisión general Historia
Subdivisión cronológica GUERRAS DE INDEPENDENCIA, 1806-1830
Subdivisión general Ensayos conferencias, etc.
9 (RLIN) 33085
830 #0 - PUNTO DE ACCESO ADICIONAL DE SERIE-TÍTULO UNIFORME
Título uniforme Forjadores del perú ;
Designación de volumen o secuencia 4
9 (RLIN) 33080
Holdings
Estado de retiro Estado de pérdida Restricciones de uso No para préstamo Código de colección Localización permanente Ubicación/localización actual Ubicación en estantería Fecha de adquisición Número de inventario Total de préstamos Signatura topográfica completa Código de barras Fecha visto por última vez Precio válido a partir de Tipo de ítem Koha
    Préstamo interno   Monografías: Libros y Folletos General General En catalogación 15.01.2010 LF1   923.5 V822D 14609-10 25.06.2020 25.06.2020 Préstamo interno

Powered by Koha